LEADER 01082nam a2200265 u 4500 001 000000031742 003 CaOOAMICUS 005 20070226112156.0 008 971007s1991 it u000 u ita u 035 $a10771854 040 $aPUL(R)$bita 100 1 $aPenna, Romano,$d1937-$0(OLS)http://pul/name/11954 245 12$aL'apostolo Paolo :$bstudi di esegesi e teologia /$cRomano Penna. 260 $a[Cinisello Balsamo] :$bEd. Paoline,$c1991. 300 $a712 p. ;$c21 cm 490 1 $aParola di Dio.$aSeconda serie ;$v12 500 $aIndici : p. 691-712. 504 $a"Pubblicazioni di provenienza" : p. [687]-689. 830 0$aParola di Dio.$nSeconda serie ;$v12.$0(OLS)http://pul/title/16144 850 $aPUL 852 $aPUL$W1$xSL Religione 1$y3$m10 E 54$j43791$nBK-PRI$b $qStampati$B43791$CPULBib$Z2$F43791 $H $81 941 1 $a8 961 $aINV: 68559. 996 $6245$aL'apostolo Paolo :$bstudi di esegesi e teologia$9(OLS)http://pul/title/43677 996 $6260$a[Cinisello Balsamo] :$bEd. Paoline$9(OLS)http://pul/publisher/61142 LEADER 01563nam a2200325 a 4500 001 000000104659 003 CaOOAMICUS 005 20081210130224.0 008 070420s2003 it 001 0 ita d 020 $a88-311-9371-6 040 $aPUL$bita$dLDB 130 00$aAncient Christian Commentary on Scripture, New Testament II, Mark$lItaliano.$0(OLS)http://pul/title/131636 245 10$aMarco /$ca cura di Thomas C. Olden e Christopher A. Hall; introduzione generale di A. Di Bernardo; introduzione al volume di Gianluca Pilara. 260 $aRoma :$bCittà Nuova,$c 2003. 300 $a384 p. ;$c25 cm 490 1 $aLa Bibbia commentata dai Padri.$aNuovo Testamento ;$v2 500 $aTesto su due colonne 504 $aBibliografia e indici 630 04$aBiblia.$pN.T.$pMarcus$vCommenti.$0(OLS)http://pul/subject/37849 700 1 $aDi Berardino, Angelo,$cO.S.A.,$d1936-,$epr.$0(OLS)http://pul/name/5303 700 1 $aPilara, Gianluca.$0(OLS)http://pul/name/64262 700 1 $aOden, Thomas C.$0(OLS)http://pul/name/30263 700 1 $aHall, Christopher A.$0(OLS)http://pul/name/30264 830 3$aLa Bibbia commentata dai Padri.$pNuovo Testamento ;$v2.$0(OLS)http://pul/title/101707 850 $aPUL 852 $aPUL$W1$xSL Religione 3$y85$m220. 705 COLL 2.2$j117184$qDDC 21$q $B117148$CPULBib$Z2$F117148 $H100536 $81 941 1 $a9 996 $6020$a88-311-9371-6$9(OLS)http://pul/number/134078 996 $6245$aMarco$9(OLS)http://pul/title/65297 996 $6260$aRoma :$bCittà Nuova$9(OLS)http://pul/publisher/47927 LEADER 01237nam a2200313 a 4500 001 000000152092 003 CaOOAMICUS 005 20160603132351.0 008 160603s2003 gw u000 u ger r 020 $a3525252447* 032 $aLibriCat 040 $aPUL$bita 082 04$a113 100 1 $aMiller, Dana R.$0(OLS)http://pul/name/96786 245 14$aThe third kind in Plato's Timaeus / $cDana R. Miller. 260 $aGöttingen :$bVandenhoeck & Ruprecht,$c©2003. 300 $a248 p. ;$c24 cm. 490 1 $aHypomnemata ;$vHft. 145 504 $aBibliografia p. [221]-229. 600 04$aPlato,$d427-347 a.C.$tTimaeus.$0(OLS)http://pul/subject/33450 830 0$aHypomnemata ;$vHft. 145.$0(OLS)http://pul/title/847 850 $aPUL 852 $aPUL$W1$xSL Filosofia 3$y81$m113 MILDA 1$j174837$qDDC 21$B177392$CPULBib$Z2$F177392 $H127822 $81 941 1 $a9 996 $6020$a3525252447*$9(OLS)http://pul/number/160471 996 $6082$a113$9(OLS)http://pul/classification/1702 996 $6245$aThe third kind in Plato's Timaeus / $9(OLS)http://pul/title/191451 996 $6260$aGöttingen :$bVandenhoeck & Ruprecht$9(OLS)http://pul/publisher/47973